[Event "AUTO-INT-416"]
[Site "http://www.queenalice.com/game.php?id=196996"]
[Date "2007.4.14"]
[Round "1"]
[White "Lapicida"]
[Black "Iancopoulus"]
[Result "0-1"]
[WhiteElo "1560"]
[BlackElo "1691"]

1. c4 e5 2. Nf3 Nc6 3. Nc3 Nf6 4. e3 d5 5. d4 exd4 6. Nxd4 Bb4 7. Nxc6 bxc6 8.
Bd2 O-O 9. Be2 Bf5 10. Qa4 Qd6 11. a3 Bxc3 12. Bxc3 Ne4 13. Rd1 Nxc3 14. bxc3
Qg6 15. Qa5 Qxg2 16. Rf1 Qxh2 17. cxd5 Bh3 18. dxc6 Bxf1 19. Bxf1 Rab8 20. Qxa7
Rb2 21. Rd2 Rxd2 22. Kxd2 Qxf2+ 23. Be2 Rd8+ 0-1

[Event "AUTO-INT-416"]
[Site "http://www.queenalice.com/game.php?id=196997"]
[Date "2007.4.14"]
[Round "1"]
[White "Iancopoulus"]
[Black "Lapicida"]
[Result "1-0"]
[WhiteElo "1702"]
[BlackElo "1612"]

1. Nc3 d5 2. e4 d4 3. Nce2 e5 4. Ng3 Be6 5. c3 Nc6 6. Bb5 Ne7 7. d3 Qd6 8. Nf3
a6 9. Ba4 dxc3 10. bxc3 O-O-O 11. Ng5 Qxd3 12. Qxd3 Rxd3 13. Nxe6 fxe6 14. Bb3
Nd8 15. Bd2 Nec6 16. Bc4 Rd7 17. Be3 Na5 18. Be2 Ba3 19. Rd1 Rxd1+ 20. Kxd1 Ndc6
21. Kc2 Rd8 22. Bg4 Rd6 23. Nh5 Nc4 24. Nxg7 Nxe3+ 25. fxe3 Nd8 26. Rf1 Kd7 27.
Rf2 Bc5 28. Rf3 Bb6 29. Nh5 Kc6 30. Nf6 h6 31. Bh5 Kb5 32. Ng4 Nc6 33. Nxh6 Kc4
34. Bf7 Nd8 35. Ng4 Nc6 36. h4 Kb5 37. h5 Bc5 38. h6 Nd8 39. Be8+ Nc6 40. h7 1-0

[Event "Let's Play Chess!"]
[Site "http://www.queenalice.com/game.php?id=199543"]
[Date "2007.4.20"]
[Round "-"]
[White "miki00"]
[Black "Lapicida"]
[Result "0-1"]
[WhiteElo "1468"]
[BlackElo "1530"]

1. e4 e5 2. Nf3 Nc6 3. Bc4 Bc5 4. O-O Nf6 5. Nc3 d6 6. d3 Bg4 7. h3 Bxf3 8. Qxf3
Nd4 9. Qd1 O-O 10. Nd5 Nxd5 11. exd5 b5 12. Bb3 Nxb3 13. axb3 Re8 14. c4 Rb8 15.
Be3 Bxe3 16. fxe3 bxc4 17. dxc4 Rb7 18. Ra6 Qe7 19. e4 Reb8 20. Rf3 Qd8 21. g4
Qc8 22. Qa1 Rxb3 23. Rxa7 Rxf3 0-1

[Event "AUTO-INT-424"]
[Site "http://www.queenalice.com/game.php?id=199626"]
[Date "2007.4.20"]
[Round "1"]
[White "IvanIrk"]
[Black "Lapicida"]
[Result "1-0"]
[WhiteElo "1620"]
[BlackElo "1590"]

1. e4 e5 2. c3 Nf6 3. Qc2 d5 4. d3 Nc6 5. Nf3 Bc5 6. exd5 Nxd5 7. d4 exd4 8.
cxd4 Qe7+ 9. Be2 Bxd4 10. O-O O-O 11. Qc4 Nb6 12. Qd3 Bf6 13. Nc3 Rd8 14. Qc2
Be6 15. Be3 Nb4 16. Qe4 N6d5 17. Nxd5 Nxd5 18. Bd3 g6 19. Rac1 Nxe3 20. fxe3
Bxb2 21. Rc2 Bf6 22. Bc4 c5 23. Ne1 Bxc4 24. Qxc4 Qxe3+ 25. Rcf2 Rd7 26. Nc2 Qc3
27. Qe4 Re7 28. Qa4 Bg5 29. Rf3 Qg7 30. Ne1 b6 31. Qb3 Rae8 32. Nd3 Qd4+ 33. Kh1
1-0

[Event "AUTO-INT-424"]
[Site "http://www.queenalice.com/game.php?id=199627"]
[Date "2007.4.20"]
[Round "1"]
[White "Lapicida"]
[Black "IvanIrk"]
[Result "1-0"]
[WhiteElo "1602"]
[BlackElo "1560"]

1. e4 e5 2. f4 c6 3. Nf3 d6 4. d4 exd4 5. Nxd4 Nf6 6. Nc3 Qe7 7. Qd3 b5 8. a3 a5
9. Be2 Ba6 10. Nf5 Qd8 11. e5 dxe5 12. Qxd8+ Kxd8 13. fxe5 Nd5 14. Nxd5 cxd5 15.
Bg5+ Ke8 16. O-O-O g6 17. Rxd5 gxf5 18. Rd8# 1-0

[Event "AUTO-INT-424"]
[Site "http://www.queenalice.com/game.php?id=199642"]
[Date "2007.4.20"]
[Round "1"]
[White "crubiov"]
[Black "Lapicida"]
[Result "1-0"]
[WhiteElo "1883"]
[BlackElo "1560"]

1. e4 e6 2. d4 d5 3. e5 c5 4. Nf3 Nc6 5. Bb5 Bd7 6. Bxc6 Bxc6 7. O-O cxd4 8.
Nxd4 Ne7 9. Be3 Qc7 10. f4 O-O-O 11. Qd3 Bd7 12. Na3 f6 13. Nab5 Qa5 14. Nd6+
Kb8 15. b4 Qa6 16. Qxa6 bxa6 17. Nf7 fxe5 18. fxe5 Nf5 19. Nxf5 Re8 20. Nxh8
exf5 21. Nf7 Bxb4 22. Rfb1 1-0

[Event "AUTO-INT-424"]
[Site "http://www.queenalice.com/game.php?id=199643"]
[Date "2007.4.20"]
[Round "1"]
[White "Lapicida"]
[Black "crubiov"]
[Result "0-1"]
[WhiteElo "1616"]
[BlackElo "1908"]

1. e4 e5 2. f4 d6 3. Nc3 exf4 4. Nf3 Nf6 5. d3 d5 6. exd5 Nxd5 7. Nxd5 Qxd5 8.
Bxf4 Bd6 9. Bxd6 Qxd6 10. Qe2+ Be6 11. Nd2 Nc6 12. Nc4 Qd7 13. O-O-O O-O 14. Re1
b5 15. Ne5 Nxe5 16. Qxe5 Bxa2 17. d4 Rae8 18. Qg3 Rxe1+ 19. Qxe1 Qxd4 20. Bxb5
Rb8 21. Qa5 Qf4+ 22. Kd1 Qg4+ 23. Be2 Rd8+ 24. Ke1 Re8 25. Qb5 c6 26. Qd3 Bc4
27. Kd1 Rxe2 28. h3 Qg5 29. Qd6 h6 0-1

[Event "AUTO-INT-424"]
[Site "http://www.queenalice.com/game.php?id=199654"]
[Date "2007.4.20"]
[Round "1"]
[White "Lapicida"]
[Black "kloosterveen"]
[Result "0-1"]
[WhiteElo "1594"]
[BlackElo "1886"]

1. e4 e6 2. d4 g6 3. Nc3 Bg7 4. Bf4 Nf6 5. Nf3 b6 6. e5 Nh5 7. Be3 d6 8. g4 Nf6
9. exf6 Qxf6 10. Bg5 Bb7 11. Bxf6 Bxf6 12. Bb5+ Nc6 13. O-O O-O 14. Ne4 Bg7 15.
Re1 d5 16. Nc3 Ne7 17. Ne5 c6 18. Ba4 b5 19. Bb3 a6 20. f4 Bxe5 21. Rxe5 Bc8 22.
Qd2 f6 23. Re3 f5 24. gxf5 Nxf5 25. Re5 Ra7 26. Rae1 Re8 27. R1e2 Kf7 28. a3 h5
29. Qd3 Ree7 30. Re1 Rac7 31. h3 a5 32. R1e2 a4 33. Ba2 Nd6 34. Rg2 Nf5 35. Rh2
Bd7 36. Rhe2 Rc8 37. b3 axb3 38. Bxb3 Kf6 39. a4 b4 40. Na2 Rb8 41. c3 bxc3 42.
Qxc3 Nd6 43. Nb4 Ne4 44. Nxd5+ cxd5 45. Bc2 Nxc3 0-1

[Event "AUTO-INT-424"]
[Site "http://www.queenalice.com/game.php?id=199655"]
[Date "2007.4.20"]
[Round "1"]
[White "kloosterveen"]
[Black "Lapicida"]
[Result "0-1"]
[WhiteElo "1710"]
[BlackElo "1573"]

1. d4 Nf6 2. e3 d5 3. c4 g6 4. Nf3 Bg7 5. c5 Bf5 6. Qb3 b6 7. cxb6 axb6 8. Ne5
Nbd7 9. Bb5 O-O 10. Nc3 Nxe5 11. dxe5 Nd7 12. O-O e6 13. f4 Nc5 14. Qd1 Qe7 15.
Qe2 Nb3 16. Rb1 Bxb1 17. axb3 Bf5 18. e4 dxe4 19. Nxe4 Bxe4 20. Qxe4 Qc5+ 0-1

[Event "AUTO-INT-425"]
[Site "http://www.queenalice.com/game.php?id=200009"]
[Date "2007.4.20"]
[Round "1"]
[White "holandes"]
[Black "Lapicida"]
[Result "0-1"]
[WhiteElo "1516"]
[BlackElo "1600"]

1. e4 e5 2. c3 Nf6 3. d3 d5 4. Nd2 Nc6 5. g3 Bc5 6. h3 Be6 7. b4 Bb6 8. Bg2 O-O
9. Ba3 Qe7 10. Qc1 Qd7 11. Ngf3 dxe4 12. dxe4 Rfd8 13. O-O Bxh3 14. c4 Bxg2 15.
Kxg2 Bd4 16. Nxd4 Qxd4 17. f3 Qxd2+ 18. Qxd2 Rxd2+ 19. Kh1 Nh5 20. Rg1 Rd3 21.
g4 Rxa3 22. gxh5 Rxf3 23. h6 Rh3+ 24. Kg2 Rxh6 25. a3 Nd4 26. Rad1 Rd8 27. Rd3
Rg6+ 28. Kf2 Rxg1 29. Kxg1 Ne2+ 0-1

[Event "AUTO-INT-425"]
[Site "http://www.queenalice.com/game.php?id=200010"]
[Date "2007.4.20"]
[Round "1"]
[White "Lapicida"]
[Black "holandes"]
[Result "0-1"]
[WhiteElo "1613"]
[BlackElo "1544"]

1. e4 e5 2. f4 Nc6 3. Nc3 a6 4. Nf3 d6 5. d4 Qf6 6. Nd5 Qd8 7. fxe5 Bg4 8. Bg5
f6 9. exf6 gxf6 10. Bh4 h5 11. Bc4 b5 12. Be2 Nh6 13. Bxf6 Be7 14. Bxh8 Be6 15.
Nxe7 Nxe7 16. Bf6 Ng4 17. Bg5 Qd7 18. h3 O-O-O 19. O-O Rg8 20. d5 Ne3 21. dxe6
Qxe6 22. Bxe3 Qxh3 23. Rf2 Qg3 24. Qd3 h4 25. Qa3 Kb7 26. c4 c6 27. Rd1 Rg6 0-1

[Event "AUTO-INT-425"]
[Site "http://www.queenalice.com/game.php?id=200023"]
[Date "2007.4.20"]
[Round "1"]
[White "jpzenitram"]
[Black "Lapicida"]
[Result "1/2-1/2"]
[WhiteElo "1729"]
[BlackElo "1522"]

1. e4 e5 2. Nf3 Nf6 3. Bc4 Nc6 4. Nc3 Bc5 5. h3 d6 6. a3 O-O 7. d3 Be6 8. Bxe6
fxe6 9. Bg5 h6 10. Bh4 d5 11. O-O Qd6 12. b4 Bb6 13. Nb5 Qe7 14. c4 dxe4 15.
dxe4 Rad8 16. Qe2 Nd4 17. Nbxd4 Bxd4 18. Nxd4 Rxd4 19. f3 Rfd8 20. Bf2 Rd2 21.
Qe3 a6 22. Bh4 b5 23. c5 R8d3 24. Qe1 Qd7 25. Kh2 Nh5 26. Bg3 Nxg3 27. Kxg3 Qf7
28. Kh2 Qf4+ 29. Qg3 Qxg3+ 30. Kxg3 h5 31. Rg1 Kh7 32. a4 Kg6 33. axb5 axb5 34.
h4 Re2 35. Rge1 Rxe1 36. Rxe1 Rd4 37. Rb1 Kf7 38. Rb3 Kf6 39. Kh3 g5 40. g3 g4+
41. fxg4 hxg4+ 42. Kxg4 Rxe4+ 43. Kh5 Rd4 44. Rf3+ Ke7 45. Rb3 Kf6 46. g4 e4 47.
Kh6 Rd8 48. g5+ Kf5 49. Rh3 Kg4 50. Re3 Kf4 51. Rb3 Rh8+ 52. Kg6 Rxh4 53. Kf6 e3
54. Rb1 e2 55. g6 Rh6 56. Kf7 Ke5 57. g7 Rf6+ 58. Ke7 Rg6 59. Kf8 Rf6+ 60. Ke7
Rg6 61. Kf7 Rf6+ 62. Ke8 Rg6 63. Kf8 Rf6+ 1/2-1/2

[Event "AUTO-INT-425"]
[Site "http://www.queenalice.com/game.php?id=200024"]
[Date "2007.4.20"]
[Round "1"]
[White "Lapicida"]
[Black "jpzenitram"]
[Result "1-0"]
[WhiteElo "1476"]
[BlackElo "1707"]

1. e4 d6 2. d4 Nf6 3. Nc3 g6 4. Nf3 Bg7 5. Be2 c6 6. Bf4 b5 7. e5 dxe5 8. Nxe5
O-O 9. Bf3 Bb7 10. O-O Qb6 11. Re1 Re8 12. Qd2 Nbd7 13. Nxd7 Nxd7 14. Rad1 Rad8
15. Qd3 Nf8 16. Be5 Bxe5 17. Rxe5 Nd7 18. Re3 Ba6 19. Qe4 Nf6 20. Qxc6 Rxd4 21.
Rxd4 Qxd4 22. Qxa6 Rd8 23. Rd3 Qe5 24. Rxd8+ Kg7 25. Qxb5 1-0

[Event "AUTO-INT-425"]
[Site "http://www.queenalice.com/game.php?id=200033"]
[Date "2007.4.20"]
[Round "1"]
[White "Lapicida"]
[Black "backnine"]
[Result "1-0"]
[WhiteElo "1544"]
[BlackElo "1552"]

1. e4 e5 2. f4 Nc6 3. Nc3 exf4 4. Nf3 g6 5. d4 Bg7 6. Bxf4 Nf6 7. e5 Ng4 8. h3
Nh6 9. Bg5 Ne7 10. Bb5 O-O 11. Nd5 Nhf5 12. Nh4 c6 13. Nxf5 cxd5 14. Nxe7+ Qxe7
15. Bxe7 Re8 16. Bd6 b6 17. Qf3 a6 18. Qxd5 Ra7 19. O-O h6 20. Qxf7+ Kh7 21.
Qxe8 axb5 22. Rf7 h5 23. h4 Ba6 24. Qf8 g5 25. Qxg7# 1-0

[Event "AUTO-INT-425"]
[Site "http://www.queenalice.com/game.php?id=200034"]
[Date "2007.4.20"]
[Round "1"]
[White "backnine"]
[Black "Lapicida"]
[Result "0-1"]
[WhiteElo "1557"]
[BlackElo "1557"]

1. e4 e6 2. g3 d5 3. Bg2 Nc6 4. b3 Nf6 5. Ne2 Nxe4 6. O-O Bc5 7. d3 Nxf2 8. Qd2
Ne4+ 9. Kh1 Nxd2 10. Nxd2 O-O 11. Bb2 e5 12. a3 Bg4 13. Nc3 Be3 14. Nf3 d4 15.
Nd1 Bh6 16. h3 Be6 17. Nf2 Re8 18. Ne4 Qe7 19. Kh2 f5 20. Nf2 Qc5 21. Ne1 Rad8
22. Nf3 Qxc2 23. Rab1 Be3 24. Kg1 Bxf2+ 25. Kh2 Bxb3 26. Ne1 Qxb1 27. Bxd4 Bxd4
28. Nf3 Qxd3 29. Ng5 Bc4 30. Rb1 Qxb1 0-1